|
|
|
|
| LEADER |
00000cas a2200000 a 4500 |
| 001 |
vtls001283862 |
| 003 |
SK-MaSNL |
| 005 |
20260228163942.0 |
| 008 |
970417d19691992xr bu| 0 0 0cze |
| 022 |
|
|
|a 0322-8185
|
| 035 |
|
|
|a SNK000235330
|
| 040 |
|
|
|a SNK
|b slo
|c SNK
|e AACR2
|
| 041 |
0 |
|
|a cze
|
| 044 |
|
|
|a xr
|c CZ
|
| 072 |
|
7 |
|a 502
|x Životné prostredie a jeho ochrana
|2 konspekt
|
| 080 |
|
|
|a 502.171:502.3
|2 2011
|
| 080 |
|
|
|a 502/504
|2 2011
|
| 080 |
|
|
|a 050
|2 2011
|
| 080 |
|
|
|a (051)-048.55
|2 2011
|
| 210 |
0 |
|
|a Ochr. ovzduší
|b (1969)
|
| 222 |
|
0 |
|a Ochrana ovzduší
|b (1969)
|
| 245 |
0 |
0 |
|a Ochrana ovzduší
|b vědeckotechnický dvouměsíčník Ministerstva lesního a vodního hospodářství ČSR a Ministerstva lesného a vodného hospodárstva SSR
|
| 260 |
|
|
|a Praha
|b Práce
|c 1969-1992
|
| 300 |
|
|
|a zv.
|c 30 cm
|
| 310 |
|
|
|a 6x ročne
|b 1987-1992
|
| 321 |
|
|
|a 1x mesačne
|b 1969-1986
|
| 362 |
0 |
|
|a 1969-1987 ; Roč. 1, č. 1 (1987)-roč. 6, č. 6 (1992)
|z SKP
|
| 650 |
0 |
7 |
|a ochrana ovzdušia
|2 SNKPH
|9 31607
|
| 650 |
0 |
7 |
|a životné prostredie
|2 SNKPH
|9 786
|
| 655 |
|
7 |
|a špecializované časopisy
|2 SNKPH
|9 70509
|
| 910 |
|
|
|a snk
|
| 999 |
|
|
|c 11539
|d 13469
|
| 952 |
|
|
|0 0
|1 0
|4 0
|7 0
|a SNK
|b SNK
|d 1997-04-17
|l 0
|o snkČSB 3715/5(23)/1991
|p 17A0061318
|r 2005-01-02 00:00:00
|t č. 1-6
|w 2026-02-21
|y PREZ
|